000 003110000a22001450004500
003 MACL
040 _aMACL
090 _c49786
_d49784
100 _aShrivastava.,C. S.
245 _aModern Journalism
260 _aNew Delhi
_bCrescent Pub.
_c2012
350 _a995
650 _aJournalism
942 _cBOOK
_k070
999 _c49259
_d49259